01694 a2200229 45000010006000000050017000060080041000230030015000640400040000790800066001192450108001850200022002932640106003153000025004215050760004461000020012067000021012267000029012477000022012767000028012988560138013261880620260407155459.0260407a2010 arg spa dAR-UNSa-BCEJYS aAR-UNSa-BCEJYSbspacAR-UNSa-BCEJYS a378xEnseñanza superior. Universidades. Escuelas especiales10aLa autonomía universitariapdefiniciones normativas y jurisprudenciales en clave histórica y actual a978-987-03-1732-6 1aBuenos Aires :bUniversidad de Buenos Aires. Facultad de Derecho. Departamento de Publicacionesc2010 axxvi, 271 p.c24 cm. a1. Las políticas universitarias hacia el centenario - 2. Cogobierno: Una historia de intereses compartidos o contrapuestos - 3. La universidad en el primer peronismo: una institución en conflicto. Entre la autonomía y la expansión de la educación superior - 4. La clausura de patrón universitario original: intervención, normalización y desregulación universitaria - 5. El restablecimiento normativo de la autonomía universitaria y su consagración constitucional - 6. La constitución del estado evaluador en la Argentina: su análisis a través de la regulación del régimen de títulos universitarios - 7. Los contornos de la autonomía universitaria delineados por los fallos de la Corte Suprema de Justicia de la Nación1 aRuiz, Guillermo1 aCardinaux, Nancy1 aClérico, María Laura1 aPittelli, Cecilia1 aScioscioli, Sebastián41uhttps://biblioeco.unsa.edu.ar/pmb/images/libros/La autonom?a universitaria Ruiz, Guillermo (2010).jpgyImagen de portadaqimage/jpeg